Esa edad crítica de los 13 a los 18 años / (Registro nro. 13011)

Detalles MARC
000 -LIDER
fixed length control field 00855nam a22002177a 4500
003 - IDENTIFICACDOR DE NÚMERO DE CONTROL
control field DO-SdBNP
005 - DATE AND TIME OF LATEST TRANSACTION
control field 20171129153653.0
008 - ELEMENTOS DE LONGITUD FIJA
fixed length control field 161031b 1989 pn 00| 0 spa d
020 ## - ISBN
International Standard Book Number 0944499481
040 ## - FUENTE DE CATALOGACIÓN
Agencia que crea de manera original el registro BPMSU
Idioma de catalogación spa
Agencia que realiza la transcripción BPMSU
082 ## - NÚMERO DE CLASIFICACIÓN DECIMAL DE DEWEY
Classification number xxxx
Item number xxxx
245 00 - MENCIÓN DE TITULO
Título Esa edad crítica de los 13 a los 18 años /
Mención de responsabilidad dirección general María Eloísa Álvarez del Real
246 00 - VARIACION DEL TÍTULO
Título propiamente dicho o título corto Esa edad crítica de los 13 a los 18 años :
Subtítulo guías para afrontar los problemas del joven de hoy: alcohol, drogas, pandillerismo...y otras desviaciones que conducen a una crisis familiar y social /
260 ## - PUBLICACIÓN, DISTRIBUCIÓN, ETC. (PIE DE IMPRENTA)
Lugar de publicación, distribución, etc Panamá :
Nombre del editor, distribuidor, etc. América,
Fecha de publicación, distribución, etc 1989.
300 ## - DESCRIPCIÓN FÍSICA
Extensión 240 p. :
Dimensiones 21 cm.
700 1# - ASIENTO SECUNDARIO -- NOMBRE PERSONAL
Nombre personal Álvarez del Real, María Eloísa
Mención de responsabilidad dir.
910 ## - VALIDACIÓN
Validación 000144
942 ## - ADDED ENTRY ELEMENTS (KOHA)
Source of classification or shelving scheme Dewey Decimal Classification
Koha item type Libros
945 ## - INFORMACIÓN DE PROCESAMIENTO LOCAL
Información de procesamiento local Inventariado extranjero / 2017 YL
956 ## - LOCAL ELECTRONIC LOCATION AND ACCESS (OCLC)
Nombre de host YLOCKWARD
Número de acceso 10
Información de compresión 20171129
Trayectoria 00144
Existencias
Withdrawn status Lost status Source of classification or shelving scheme Damaged status Not for loan Collection code Home library Current library Date acquired Source of acquisition Total Checkouts Full call number Barcode Date last seen Price effective from Koha item type
    Dewey Decimal Classification     Colección General Biblioteca Pública Metropolitana Salomé Ureña Biblioteca Pública Metropolitana Salomé Ureña 11/22/2017 Donado por Fundi   xxxx xxxx BPMSU17110325 11/22/2017 11/22/2017 Libros